000 00380nam a2200145Ia 4500
008 230917s9999||||xx |||||||||||||| ||und||
040 _e8968
_aMAIN
041 _aEnglish
082 _a327.47 K633S
100 _aKirk, Grayson, ed.
245 0 _aSoviet threat: Myths and realities
260 _aNew York
_bAcademy of Political Science
_c1978
300 _ax, 182 p.
942 _cBK
999 _c55118
_d55118